Heat and mass transfer / (Record no. 598946)
[ view plain ]
| 000 -LEADER | |
|---|---|
| fixed length control field | 00260nam a2200109Ia 4500 |
| 008 - FIXED-LENGTH DATA ELEMENTS--GENERAL INFORMATION | |
| fixed length control field | 230907s9999||||xx |||||||||||||| ||und|| |
| 082 ## - DEWEY DECIMAL CLASSIFICATION NUMBER | |
| Classification number | 536.2 |
| Author Mark | ROL |
| 100 ## - MAIN ENTRY--PERSONAL NAME | |
| Personal name | Rolle, Kurt C. |
| 9 (RLIN) | 19127 |
| 245 #0 - TITLE STATEMENT | |
| Title | Heat and mass transfer / |
| 300 ## - PHYSICAL DESCRIPTION | |
| Extent | 603 p. : |
| 942 ## - ADDED ENTRY ELEMENTS (KOHA) | |
| Koha item type | Book |
| Withdrawn status | Lost status | Damaged status | Not for loan | Permanent Location | Current Location | Date acquired | Total Checkouts | Full call number | Barcode | Date last seen | Price effective from | Koha item type |
|---|---|---|---|---|---|---|---|---|---|---|---|---|
| US-Pakistan Center for Advanced Studies in Energy (USPCAS-E) | US-Pakistan Center for Advanced Studies in Energy (USPCAS-E) | 07/18/2019 | 536.2 ROL | CAS-E0003045 | 09/12/2023 | 09/12/2023 | Book |
